000 00206 a2200097 4500
001 53294
100 _aBrick Hlll, P
245 _aReach for the sky
260 _aLondon
_bCollins
_c
090 _c33573
_d33573
942 _aNUST-CAE
_cM
_c26195
999 _c288367
_d288367